LEADER 01353nam a2200289 i 4500 001 000000150536 003 CaOOAMICUS 005 20060526000000.0 008 060526s2003 it u000 u ita u 013 $a127874 020 $a88-88145-02-8 040 $aSeMil$bita 245 10$aOra et labora :$ble comunità religiose nella società contemporanea /$cFondazione Ambrosiana Paolo 6. ; a cura di Luciano Vaccaro, Claudio Stroppa ; con la collaborazione di Vincenzo Cesareo ... [et al.]. 260 $aBusto Arsizio :$bNomos,$ccopyr. 2003. 300 $a271 p. :$bill. ;$c30 cm. 500 $aDono del Card. Dionigi Tettamanzi. 650 4$aComunità religiose.$0(OLS)http://semarc/subject/4240 700 1 $aStroppa, Claudio.$0(OLS)http://semarc/name/7949 700 1 $aVaccaro, Luciano.$0(OLS)http://semarc/name/205 710 0 $aFondazione Ambrosiana Paolo 6. .$0(OLS)http://semarc/name/223 850 $aSeMil 852 $aSeMil$W1$xVenegono$y1$m3W VIII 2$j222144$B102661$CSeMilBibl$Z2$F111535 $81 941 1 $a5 961 $aOmaggio: Tettamanzi Card. Dionigi 996 $6020$a88-88145-02-8$9(OLS)http://semarc/number/101773 996 $6245$aOra et labora :$ble comunità religiose nella società contemporanea$9(OLS)http://semarc/title/220105 996 $6260$aBusto Arsizio :$bNomos$9(OLS)http://semarc/publisher/55524 LEADER 01327nam a2200277 i 4500 001 000000051001 003 CaOOAMICUS 005 20110304000000.0 008 110304s1982 it u000 u ita u 013 $a22172 040 $aSeMil$bita 100 1 $aMechtilde : du Saint-Sacrement <1614-1698>.$0(OLS)http://semarc/name/23554 240 10$aCatherine de Bar à l'écoute de Saint Benoît.$0(OLS)http://semarc/title/77994 245 10$aAttesa di Dio :$briflessioni sulla Regola /$cCatherine Mectilde de Bar ; introduzione di Jean Leclercq. 260 $aMilano :$bJaca Book,$c1982 (copyr. 1981) 300 $a283 p. ;$c19 cm. 490 0 $aGià e non ancora. Pocket$ [Jaca Book]v59 650 4$aVita religiosa - Spiritualità.$0(OLS)http://semarc/subject/1528 650 4$aBenedettini - Regole e Costituzioni.$0(OLS)http://semarc/subject/2410 700 1 $aLeclercq, Jean,$c.$0(OLS)http://semarc/name/89154 830 0$aGià e non ancora. Pocket ;$v59.$0(OLS)http://semarc/title/6257 850 $aSeMil 852 $aSeMil$W1$xVenegono$y1$m3F III 849$j243364$B17156$CSeMilBibl$Z2$F17156 $81 961 $aOmaggio: Delpini mons. Mario 996 $6245$aAttesa di Dio :$briflessioni sulla Regola$9(OLS)http://semarc/title/77993 996 $6260$aMilano :$bJaca Book$9(OLS)http://semarc/publisher/29781